LEADER 01616nam0 2200373 450 001 000036002 005 20180718114035.0 100 $a20140226d1948----km-y0itaa50------ba 101 0 $aita 102 $aIT 200 1 $aMalattie e parassiti del bestiame$ealimenti, fecondazione artificiale, ereditarietą$fF. C. Bishopp ... [et al.]$gtraduzioni e integrazioni di V. Carocci Buzi 210 $aRoma$cIstituto bibliografico italiano$d[1948] 215 $a214 p.$cill.$d22 cm 225 2 $aAgricoltura veterinaria. Quaderni$v17-20 316 $aIn testa al frontespizio dell'esemplare FVig/T41331: Gioacchino Viggiani 14 aprile 1948 410 0$12001$aAgricoltura veterinaria. Quaderni$v17-20 606 1 $aParassiti del bestiame 606 2 $aBestiame$xMalattie 606 2 $aVeterinaria$xManuali 676 $a571.999$v(22. ed.)$9Parassitosi 676 $a636.089$v(22. ed.)$9Scienze veterinarie. Medicina veterinaria 702 1$aBishopp,$bFred Corry$f<1884-1970> 702 1$aCarocci Buzi,$bVincenzo 801 0$aIT$bUniversitą della Basilicata - B.I.A.$gREICAT$2unimarc 912 $a000036002 996 $aMalattie e parassiti del bestiame$9101347 997 $aUNIBAS CAT $aSTD093$b01$c20140226$lBAS01$h1107 CAT $aTTM$b30$c20140312$lBAS01$h1522 CAT $aTTM$b30$c20140312$lBAS01$h1532 CAT $aTTM$b30$c20140313$lBAS01$h0804 CAT $aATR$b20$c20180718$lBAS01$h1140 FMT Z30 -1$lBAS01$LBAS01$mBOOK$1BASA2$APolo Tecnico-Scientifico$2FVIG$BFondo Viggiani$3FVig/41331$641331$5T41331$7Collocato presso la Scuola di Agraria$820140226$f35$FStanza riservata LEADER 03563nam 22005535 450 001 9910483271103321 005 20251113191424.0 010 $a3-030-62497-8 024 7 $a10.1007/978-3-030-62497-2 035 $a(CKB)4100000011763133 035 $a(DE-He213)978-3-030-62497-2 035 $a(MiAaPQ)EBC6478281 035 $a(PPN)253860946 035 $a(EXLCZ)994100000011763133 100 $a20210210d2021 u| 0 101 0 $aeng 135 $aurnn#008mamaa 181 $ctxt$2rdacontent 182 $cc$2rdamedia 183 $acr$2rdacarrier 200 10$a2019-20 MATRIX Annals /$fedited by Jan de Gier, Cheryl E. Praeger, Terence Tao 205 $a1st ed. 2021. 210 1$aCham :$cSpringer International Publishing :$cImprint: Springer,$d2021. 215 $a1 online resource (XXXIV, 803 p. 176 illus.) 225 1 $aMATRIX Book Series,$x2523-305X ;$v4 311 08$a3-030-62496-X 327 $aTopology of Manifolds: Interactions Between High and Low Dimensions -- Ergodic Theory, Diophantine Approximation and Related Topics -- Influencing Public Health Policy with Data-Informed Mathematical Models of Infectious Diseases -- International Workshop on Spacial Statistics -- Mathematics of Physiological Rythms -- Conservation Laws, Interfaces and Mixing -- Structural Graph Theory Downunder -- Harmonic Analysis and Dispersive PDEs: Problem and Progress -- Tropical Geometry and Mirror Symmetry -- Aperiodic Order Meets Number Theory -- Early Career Researchers Workshop on Geometric Analysis and PDEs -- Harmonic Analysis and Dispersive PDEs: Problems and Progress. 330 $aMATRIX is Australia?s international and residential mathematical research institute. It facilitates new collaborations and mathematical advances through intensive residential research programs, each 1-4 weeks in duration. This book is a scientific record of the ten programs held at MATRIX in 2019 and the two programs held in January 2020: · Topology of Manifolds: Interactions Between High and Low Dimensions · Australian-German Workshop on Differential Geometry in the Large · Aperiodic Order meets Number Theory · Ergodic Theory, Diophantine Approximation and Related Topics · Influencing Public Health Policy with Data-informed Mathematical Models of Infectious Diseases · International Workshop on Spatial Statistics · Mathematics of Physiological Rhythms · Conservation Laws, Interfaces and Mixing · Structural Graph Theory Downunder · Tropical Geometry and Mirror Symmetry · Early Career Researchers Workshop on Geometric Analysis and PDEs · Harmonic Analysis and Dispersive PDEs: Problems and Progress The articles are grouped into peer-reviewed contributions and other contributions. The peer-reviewed articles present original results or reviews on a topic related to the MATRIX program; the remaining contributions are predominantly lecture notes or short articles based on talks or activities at MATRIX. 410 0$aMATRIX Book Series,$x2523-305X ;$v4 606 $aMathematics 606 $aStatistics 606 $aGeneral Mathematics 606 $aStatistics 615 0$aMathematics. 615 0$aStatistics. 615 14$aGeneral Mathematics. 615 24$aStatistics. 676 $a518.64 702 $aPraeger$b Cheryl E. 702 $aGier$b Jan de 702 $aWood$b David R. 702 $aTao$b Terence 801 0$bMiAaPQ 801 1$bMiAaPQ 801 2$bMiAaPQ 906 $aBOOK 912 $a9910483271103321 996 $a2019-20 MATRIX Annals$92831550 997 $aUNINA